00282nam a2200097Ia 4500008004000000082001500040100003600055245004300091260004300134300000700177210210b1982 xxu||||| |||| 00| 0 eng d a305.5 DAMC aDAMLE (Y B) and AIKARA (Jacob). aCaste, religion and politics in india. aNDbOxford & IBH Publishing Co.,c1982 a98